| 000 | 01418nam0a2200361 4500 | ||
|---|---|---|---|
| 001 | RU\NLR\bibl\265652 | ||
| 005 | 20250620131326.0 | ||
| 010 |
_a5-8044-0207-2 _91500 |
||
| 021 |
_aRU _b2001-65167 _93167 |
||
| 035 | _a(NLR Aleph) 000261233 | ||
| 090 |
_a1526004 _c1526004 |
||
| 100 | _a20020517d2001 |||y0rusy50 ca | ||
| 101 | 0 | _arus | |
| 102 | _aRU | ||
| 105 | _aa ||||||||| | ||
| 200 | 1 |
_aБассейновая медсанчасть рыбаков _eПервые 30 (1972-2002 гг.) _f[Ред.-сост. Б.С. Мисюк] |
|
| 210 |
_aВладивосток _cДальнаука _d2001 |
||
| 215 |
_a129, [2] с., [4] л. ил. _cил. _d22 |
||
| 601 | 0 | 2 |
_aБассейновая медсанчасть рыбаков _cВладивосток _92246194 _3RU\NLR\auth\661347550 |
| 610 | 0 | _aРыбная промышленность, предприятия - Медико-санитарное обслуживание | |
| 610 | 0 | _aЗдравоохранение, учреждения - История | |
| 675 |
_a614.2:639.2(571.6) _v3 _zrus |
||
| 686 |
_a76.75 _2rugasnti |
||
| 686 |
_a51.1(2)2 _2rubbk |
||
| 686 | _aР11(2)21л74 | ||
| 702 | 1 |
_aМисюк _bБ. С. _4220 |
|
| 801 | 0 |
_aRU _bRKP _c20020517 _gPSBO |
|
| 801 | 1 |
_aRU _bRKP _c20020517 |
|
| 801 | 2 |
_aRU _bNLR _c20020607 _grcr |
|
| 942 | _cBOOK | ||
| 980 | _aNB | ||
| 980 | _aNBR | ||